000
00327nam a2200121Ia 4500
008
231120s2017 xx 000 0 und d
041
_a
eng
082
_a
751.42
100
_a
HAZEL LALE
245
_a
VIBRANT WATERCOLOURS: HOW TO PAINT WITH DRAMA AND INTENSITY
260
_a
SEARCH PRESS
_b
SEARCH PRESS
_c
2017
300
_a
P-128
999
_c
933357
_d
933357